|
|
|
|
| LEADER |
00000nam0a2200000 4500 |
| 001 |
257970 |
| 005 |
20231101233242.0 |
| 035 |
|
|
|a (RuTPU)RU\TPU\book\280800
|
| 090 |
|
|
|a 257970
|
| 100 |
|
|
|a 20140422d1987 m y0rusy50 ca
|
| 101 |
0 |
|
|a rus
|
| 102 |
|
|
|a RU
|
| 105 |
|
|
|a a j 001zy
|
| 200 |
1 |
|
|a Измерения в физике быстропротекающих процессов
|e учебное пособие
|f А. Л. Робежко, М. Т. Пичугина
|g Томский политехнический институт (ТПИ)
|
| 210 |
|
|
|a Томск
|c Изд-во ТПИ
|d 1987
|
| 215 |
|
|
|a 95 с.
|c ил.
|
| 320 |
|
|
|a Библиогр.: с. 93-94.
|
| 606 |
1 |
|
|a Быстропротекающие процессы
|x Исследование
|2 stltpush
|3 (RuTPU)RU\TPU\subj\30762
|9 53821
|
| 610 |
1 |
|
|a учебные пособия
|
| 610 |
1 |
|
|a труды учёных ТПУ
|
| 610 |
1 |
|
|a электронно-лучевые осциллографы
|
| 610 |
1 |
|
|a источники света
|
| 610 |
1 |
|
|a фотография
|
| 610 |
1 |
|
|a импульсные источники света
|
| 610 |
1 |
|
|a визуализация
|
| 610 |
1 |
|
|a прозрачные среды
|
| 675 |
|
|
|a 53.082(075.8)
|v 3
|
| 700 |
|
1 |
|a Робежко
|b А. Л.
|g Аркадий Леонидович
|
| 701 |
|
1 |
|a Пичугина
|b М. Т.
|c специалист в области электроэнергетики
|c доцент Томского политехнического университета, кандидат технических наук
|f 1947-
|g Мария Тимофеевна
|2 stltpush
|3 (RuTPU)RU\TPU\pers\27491
|
| 712 |
0 |
2 |
|a Томский политехнический институт (ТПИ)
|c (1944-1991)
|2 stltpush
|3 (RuTPU)RU\TPU\col\1123
|
| 801 |
|
1 |
|a RU
|b 63413507
|c 20140422
|
| 801 |
|
2 |
|a RU
|b 63413507
|c 20140425
|g RCR
|
| 942 |
|
|
|c BK
|